000 00308nam a22001337a 4500
008 170907b xxu||||| |||| 00| 0 eng d
020 _a9780716719045
041 _aeng
080 _23 ED
_a91
100 _a42
101 _aGEO
245 _aWORLD REGIONAL GEOGRAPHY
_cPULSIPHER.L.M
942 _2udc
_cBK
999 _c26650
_d26650